Le doglie del ri-nascere. (Record n. 357938)
[ formato base ]
| 000 -LEADER | |
|---|---|
| campo di controllo lung. fissa | 01618nam a22002057a 4500 |
| 003 - Identificatore del numero di controllo | |
| campo di controllo | IT-MiCISF |
| 005 - Data e orario dell'ultima transazione | |
| campo di controllo | 20250306115028.0 |
| 008 - Elementi di lunghezza fissa--Informazione generale | |
| campo di controllo lung. fissa | 180706b ||||| |||| 00| 0 eng d |
| 040 ## - Fonte della catalogazione | |
| Agenzia che fa la trascrizione | IT-MiCISF |
| 041 ## - Codice di lingua | |
| Codice di lingua del testo/traccia sonora o titolo separato | it |
| 100 ## - Accesso principale -- nome di persona | |
| Nome di persona | Foà Benedetta |
| 9 (RLIN) | 56380 |
| 245 ## - Formulazione del titolo | |
| Titolo | Le doglie del ri-nascere. |
| Complemento del titolo | Donne e uomini raccontano il dramma dell'aborto |
| 260 ## - Pubblicazione, distribuzione, ecc. (stampa) | |
| Luogo di pubblicazione, distribuzione, ecc. | Cinisello B. (MI), |
| Nome dell'editore, distributore, ecc. | San Paolo, |
| Data di pubblicazione, distribuzione, ecc. | 2018 |
| 300 ## - Descrizione fisica | |
| Estensione | pp. 143 |
| 500 ## - Nota generale | |
| Nota generale | aborto, vissuto-aborto, gravidanza, vissuto-paternità, vissuto-maternità |
| 520 ## - Riassunto, ecc. | |
| Nota di riassunto, ecc. | L'interruzione volontaria di gravidanza è un tabù di cui non si può parlare. Uno stato delle cose che non cambia di molto anche nel caso di aborti spontanei. Ancora oggi le mamme e i papà in lutto non trovano ascolto. L'omertà e il tabù che sono strettamente legati all'evento li portano a vivere il loro dolore nella completa solitudine o incomprensione. Questo dolore a volte è talmente forte da poterlo chiamare trauma e un trauma non elaborato porta a una sindrome chiamata stress post-aborto. In questo volume Benedetta Foà affronta questo tema così delicato partendo dalle storie di donne e uomini che hanno vissuto il dramma dell'aborto in prima persona; testimonianze autentiche che raccontano il dolore, un dolore e una sofferenza necessari ma spesso vissuti in solitudine, senza il sostegno degli altri. Ma se il trauma esiste e va elaborato, esiste comunque una via di uscita, un modo per rinascere e rialzarsi e questo libro si propone di essere un importante aiuto sul percorso di guarigione. |
| 650 ## - Accesso aggiunto di soggetto--termine topico | |
| Termine topico o nome geografico come accesso | aborto |
| 9 (RLIN) | 56077 |
| 654 ## - Accesso aggiunto di soggetto--termini topici faccettati | |
| Termine principale | testimonianza |
| 942 ## - Dati aggiuntivi (Koha) | |
| Fonte della classificazione o dello schema di collocazione (segnatura) | Dewey Decimal Classification |
| Tipo copia default (Koha) | LIBRO |
| Ritirato (status) | Perso (status) | Fonte della classificazione o dello schema di collocazione (segnatura) | Danneggiato (status) | Non per il presito | Biblioteca proprietaria | Biblioteca in cui si trova | Data d'acquisizione | Totale prestiti | Collocazione | Codice a barre | Data ultima operazione | Prezzo in vigore dal | Tipo copia default (Koha) |
|---|---|---|---|---|---|---|---|---|---|---|---|---|---|
| Dewey Decimal Classification | Buone Condizioni | Not For Loan | CISF - Milano | CISF - Milano | 06/07/2018 | b7474 | 9788892213531 | 06/07/2018 | 06/07/2018 | LIBRO |